[Event "Challenge"]
[Site "http://www.queenalice.com/game.php?id=956014"]
[Date "2011.7.2"]
[Round "-"]
[White "igorframos"]
[Black "viniciussantos"]
[Result "0-1"]
[WhiteElo "1399"]
[BlackElo "1746"]

1. e4 e5 2. Nf3 Nc6 3. d4 exd4 4. Nxd4 Qf6 5. Nxc6 bxc6 6. Bc4 Bc5 7. O-O Nh6 8.
Bxh6 Qxh6 9. Qf3 Qg6 10. Nc3 O-O 11. Rae1 Be7 12. Ne2 d6 13. Nf4 Qf6 14. Re3
Qxb2 15. e5 Bb7 16. exd6 Bxd6 17. Ng6 hxg6 18. c3 c5 19. Qh3 Bc6 20. Qh4 Bd7 21.
g4 Bf4 22. Rh3 Bh6 23. Qe7 Bxg4 24. Rg3 Bf5 25. Re1 Qd2 26. Re2 Qf4 27. Qxc5 Qd6
28. Qe5 Bf4 29. Qxd6 cxd6 30. Rf3 Bg4 31. Rxf4 Bxe2 32. Bxe2 Rab8 33. a4 Rb2 34.
Bb5 Ra2 35. c4 a6 36. Bxa6 Rxa4 37. Bb5 Rb4 38. Bc6 Rc8 39. Bd5 Rc7 40. Kg2 Kf8
41. Re4 Re7 42. f3 Rxe4 43. fxe4 Rb3 44. Kf2 Rc3 45. Kg2 f5 46. exf5 gxf5 47. h4
Ke7 48. h5 Kf6 0-1

[Event "Vinícius X Vinícius (1)"]
[Site "http://www.queenalice.com/game.php?id=960148"]
[Date "2011.7.14"]
[Round "-"]
[White "vigusmao"]
[Black "viniciussantos"]
[Result "1-0"]
[WhiteElo "2107"]
[BlackElo "1748"]

1. e4 e5 2. Nf3 Nc6 3. c3 d6 4. d4 Nf6 5. d5 Ne7 6. Be2 c6 7. dxc6 bxc6 8. Qc2
d5 9. exd5 Qxd5 10. c4 Qd6 11. c5 Qc7 12. Nc3 Ng6 13. b4 Be7 14. O-O O-O 15. Bb2
Re8 16. Rad1 Bd7 17. Ng5 Rab8 18. Bc4 Nh8 19. Qb3 Rf8 20. Nce4 Bf5 21. Ng3 Bg6
22. Qc3 h6 23. Nf3 e4 24. Ne5 Bh7 25. Rd7 1-0

[Event "Vinícius X Vinícius (2)"]
[Site "http://www.queenalice.com/game.php?id=960149"]
[Date "2011.7.14"]
[Round "-"]
[White "viniciussantos"]
[Black "vigusmao"]
[Result "0-1"]
[WhiteElo "1746"]
[BlackElo "2108"]

1. e4 c5 2. Nf3 d6 3. Nc3 Nf6 4. Bc4 a6 5. O-O b5 6. Bd3 Nc6 7. b3 g6 8. a3 Bg7
9. Rb1 O-O 10. b4 Qc7 11. Bb2 cxb4 12. axb4 Bd7 13. Ba3 Rfb8 14. Qc1 Qa7 15. h3
Nh5 16. Ne2 Nd8 17. Bb2 Ne6 18. Ng3 Nxg3 19. Re1 Nf4 20. Kh2 Qxf2 21. Rg1 Nxd3
22. cxd3 Ne2 23. Qf1 Qg3+ 24. Kh1 Nxg1 25. Qxg1 Bxb2 26. Rxb2 Bxh3 27. gxh3
Qxf3+ 28. Qg2 Qxg2+ 29. Kxg2 Rc8 30. Kf2 Kg7 31. Rb1 Rc2 32. Ke2 Kf6 0-1

[Event "Challenge"]
[Site "http://www.queenalice.com/game.php?id=981753"]
[Date "2011.9.5"]
[Round "-"]
[White "betok99"]
[Black "viniciussantos"]
[Result "0-1"]
[WhiteElo "1784"]
[BlackElo "1744"]

1. e4 e5 2. Nf3 Nc6 3. Bb5 a6 4. Ba4 b5 5. Bb3 Bb7 6. Bd5 Bd6 7. c3 Nf6 8. Bxc6
Bxc6 9. d4 Nxe4 10. dxe5 Bc5 11. O-O d6 12. exd6 Qxd6 13. Qc2 O-O 14. Re1 Bxf2+
15. Kf1 Bxe1 16. Kxe1 Rae8 17. Kf1 Nc5 18. Qd2 Bxf3 19. Qxd6 Be2+ 20. Kf2 cxd6
21. Be3 Bd3 22. Nd2 Ne4+ 23. Nxe4 Rxe4 24. Rd1 Bc4 25. b3 Rfe8 26. Re1 Bd5 27.
g3 f5 28. h4 h6 29. Re2 g5 30. h5 f4 31. gxf4 gxf4 32. Kf1 Rxe3 0-1

[Event "III "Open" UFRJ "]
[Site "http://www.queenalice.com/game.php?id=985545"]
[Date "2011.9.15"]
[Round "3"]
[White "viniciussantos"]
[Black "fabianoo"]
[Result "1-0"]
[WhiteElo "1756"]
[BlackElo "1998"]

1. e4 e5 2. Nf3 Nc6 3. Bc4 Bc5 4. d3 h6 5. Be3 Bxe3 6. fxe3 d6 7. Nbd2 Nf6 8. h3
Bd7 9. a3 Na5 10. Ba2 c5 11. c3 b5 12. b4 Nc6 13. bxc5 dxc5 14. Qb3 Qe7 15. O-O
a6 16. d4 exd4 17. exd4 c4 18. Qb2 O-O 19. Rae1 Nh5 20. Bb1 Ng3 21. Rf2 h5 22.
e5 Nd8 23. Ne4 Ne6 24. Nxg3 g6 25. Qc2 Nf4 26. Qe4 Ne6 27. Nxh5 Rfc8 28. Ref1
Ng7 29. Nf6+ Kf8 30. Nd5 Qd8 31. Nh4 Be6 32. Nxg6+ 1-0

[Event "Um dia eu ganho de brancas"]
[Site "http://www.queenalice.com/game.php?id=990902"]
[Date "2011.9.28"]
[Round "-"]
[White "viniciussantos"]
[Black "vigusmao"]
[Result "0-1"]
[WhiteElo "1759"]
[BlackElo "2083"]

1. e4 e5 2. Nf3 Nc6 3. d4 exd4 4. Nxd4 Bc5 5. Be3 Qf6 6. c3 Nge7 7. b4 Bb6 8.
Bb5 a5 9. Nxc6 Bxe3 10. fxe3 bxc6 11. Be2 axb4 12. Qb3 bxc3 13. Qxc3 Qh4+ 14. g3
Qxe4 15. O-O O-O 16. Nd2 Qe6 17. Bc4 d5 18. Bb3 Qh6 19. Rf2 Bd7 20. Qd3 g6 21.
Raf1 Rae8 22. e4 Bh3 23. Re1 Nf5 24. Nf3 dxe4 25. Rxe4 Qc1+ 26. Bd1 Rxe4 27.
Qxe4 Qxd1+ 28. Ne1 Nd6 29. Qe2 Qxe2 30. Rxe2 Re8 31. Rxe8+ Nxe8 32. a4 Nd6 33.
Nc2 Nc4 34. Kf2 c5 35. Ne3 Na5 36. Nd5 c6 37. Nc3 Be6 38. Ke3 Kf8 39. Ke4 f6 40.
Kf4 Ke7 41. g4 Kd6 42. h3 g5+ 43. Ke4 Bd5+ 0-1

[Event "Um dia você ganha de pretas :-)"]
[Site "http://www.queenalice.com/game.php?id=991163"]
[Date "2011.9.29"]
[Round "-"]
[White "vigusmao"]
[Black "viniciussantos"]
[Result "1-0"]
[WhiteElo "2083"]
[BlackElo "1762"]

1. e4 e5 2. Nf3 Nc6 3. c3 Nf6 4. d4 exd4 5. e5 Ng4 6. cxd4 d6 7. Bb5 Bd7 8. h3
Nh6 9. Nc3 a6 10. Ba4 b5 11. Bc2 dxe5 12. dxe5 Qe7 13. O-O O-O-O 14. Qe2 g6 15.
Bg5 Qb4 16. Bxd8 Kxd8 17. Bb3 Bg7 18. Rfd1 Kc8 19. Qd2 Rd8 20. Nd5 Qxd2 21. Rxd2
Nxe5 22. Nxe5 Bxe5 23. Ne7+ Kb7 24. Bd5+ Kb6 25. Bc6 Bd6 26. Bxd7 Bxe7 27. Rad1
c5 28. Bg4 Rxd2 29. Rxd2 Nxg4 30. hxg4 Kc6 31. Kf1 Bg5 32. Rd1 Bf6 33. b3 Kc7
34. Ke2 Bg5 35. Kd3 f5 36. gxf5 gxf5 37. Re1 Kd7 38. Re5 1-0

[Event "Challenge"]
[Site "http://www.queenalice.com/game.php?id=993958"]
[Date "2011.10.6"]
[Round "-"]
[White "pedroingles"]
[Black "viniciussantos"]
[Result "0-1"]
[WhiteElo "1786"]
[BlackElo "1759"]

1. d4 d5 2. c4 c6 3. Nc3 e6 4. e4 dxe4 5. Nxe4 Bb4+ 6. Nc3 Nf6 7. Nf3 O-O 8. Bd2
c5 9. a3 Bxc3 10. Bxc3 cxd4 11. Bxd4 Nc6 12. Be2 Nxd4 13. Nxd4 Qa5+ 14. b4 Qe5
15. Nf3 Qc3+ 16. Nd2 Rd8 17. Ra2 Ne4 18. f3 Nxd2 19. Rxd2 Rxd2 20. Qxd2 Qxd2+
21. Kxd2 Bd7 22. Kc3 Ba4 23. Bd1 Bc6 24. Be2 Rd8 25. b5 Be8 26. Rd1 Rxd1 27.
Bxd1 f5 28. f4 h6 29. Kd4 Kf8 30. Ke5 Ke7 31. Bf3 b6 32. Bc6 Bh5 33. h4 Be2 34.
Kd4 Kd6 35. g3 Bd1 36. Be8 Bf3 37. Bc6 Bxc6 38. bxc6 Kxc6 39. a4 Kd6 40. h5 a5
41. Kd3 e5 42. fxe5+ Kxe5 43. Ke3 Kf6 44. Kf4 g5+ 45. hxg6 Kxg6 46. g4 fxg4 47.
Kxg4 h5+ 48. Kh4 Kh6 49. Kh3 Kg5 50. Kg3 h4+ 51. Kh3 Kf4 52. Kxh4 Ke4 53. Kg4
Kd4 54. c5 bxc5 0-1

[Event "Challenge"]
[Site "http://www.queenalice.com/game.php?id=993959"]
[Date "2011.10.6"]
[Round "-"]
[White "viniciussantos"]
[Black "pedroingles"]
[Result "0-1"]
[WhiteElo "1782"]
[BlackElo "1787"]

1. e4 e5 2. Nf3 Nf6 3. Nxe5 d6 4. Nf3 Nxe4 5. Qe2 Qe7 6. d3 Nf6 7. Nc3 Nc6 8.
Bg5 Qxe2+ 9. Bxe2 Be7 10. O-O O-O 11. Ne4 Nxe4 12. dxe4 Bxg5 13. Nxg5 Nd4 14.
Bd3 Bd7 15. c3 Ne6 16. Nxe6 Bxe6 17. f4 Bd7 18. f5 Bc6 19. g4 Rfe8 20. Rae1 Re5
21. b4 Rae8 22. Rf4 f6 23. Kg2 d5 24. Kf3 g5 25. fxg6 hxg6 26. g5 f5 0-1

[Event "AUTO-ADV-2351"]
[Site "http://www.queenalice.com/game.php?id=1012731"]
[Date "2011.11.26"]
[Round "1"]
[White "viniciussantos"]
[Black "nuage"]
[Result "1-0"]
[WhiteElo "1776"]
[BlackElo "1560"]

1. d4 Nf6 2. Nc3 g6 3. Bf4 Nc6 4. Nf3 d6 5. e3 Bf5 6. Bc4 Na5 7. Bd3 Bg4 8. h3
Be6 9. O-O Bd5 10. Nxd5 Nxd5 11. c4 Nxf4 12. exf4 Bh6 13. Qa4+ Nc6 14. d5 Qd7
15. dxc6 bxc6 16. Be4 d5 17. cxd5 cxd5 18. Qxd7+ Kxd7 19. Bxd5 Rab8 20. b3 e6
21. Bc4 Bxf4 22. Rad1+ Ke7 23. g3 Bd6 24. Rfe1 Rhd8 25. Ng5 h6 26. Nxe6 fxe6 27.
Rxe6+ Kd7 28. Rxg6 Rh8 29. Bd5 h5 30. Rg7+ Kc8 31. Rg8+ Rxg8 32. Bxg8 Kb7 33.
Bd5+ c6 34. Bf7 Bc5 35. Bxh5 Kb6 36. Kg2 Rf8 37. f4 Re8 38. f5 Re2+ 39. Bxe2 1-0

[Event "AUTO-ADV-2351"]
[Site "http://www.queenalice.com/game.php?id=1012732"]
[Date "2011.11.26"]
[Round "1"]
[White "nuage"]
[Black "viniciussantos"]
[Result "0-1"]
[WhiteElo "1584"]
[BlackElo "1783"]

1. Nf3 d5 2. d3 Nf6 3. g3 Nc6 4. Bg2 e5 5. Nc3 Bc5 6. O-O O-O 7. Re1 d4 8. Nb5
a6 9. Na3 Bb4 10. c3 dxc3 11. Bd2 cxd2 12. Nxd2 Qd4 13. Nc2 Qb6 14. Nc4 Qc5 15.
Nxb4 Qxb4 16. e4 b5 17. a3 Qc5 18. b4 Qd4 19. Qc2 bxc4 20. dxc4 Be6 21. Red1
Qxc4 22. Qxc4 Bxc4 23. Rdc1 Bb5 24. a4 Nd4 25. Rxc7 Be2 26. Re7 Rfe8 27. Rb7 h6
28. Rc1 Nf3+ 29. Bxf3 Bxf3 30. Rcc7 Bxe4 31. Ra7 Red8 32. Kf1 Bd5 33. Rxa8 Rxa8
34. Ke2 Rb8 35. Ra7 Bc4+ 36. Kd2 Rxb4 37. Ra8+ Kh7 38. a5 Ra4 39. Kc3 Nd5+ 40.
Kd2 Rxa5 41. Rc8 Ra2+ 42. Kc1 Bb5 43. Rc5 Nb4 44. Kb1 Bd3+ 45. Kc1 Rc2+ 46. Rxc2
Bxc2 47. Kd2 Bf5 48. Kc3 Nd5+ 49. Kc4 Ne7 50. Kb4 Kg6 51. h4 Bg4 52. Ka5 Kf5 53.
Kxa6 Ke4 54. Kb5 Kf3 55. Kc4 Kxf2 0-1

[Event "Challenge"]
[Site "http://www.queenalice.com/game.php?id=1050964"]
[Date "2012.4.20"]
[Round "-"]
[White "filomenos"]
[Black "viniciussantos"]
[Result "1-0"]
[WhiteElo "1832"]
[BlackElo "1793"]

1. d4 d5 2. g3 Nf6 3. Bg2 e6 4. Nf3 Bd7 5. Bg5 h6 6. Bxf6 Qxf6 7. c3 Nc6 8. O-O
Bd6 9. Nbd2 Ne7 10. e4 e5 11. dxe5 Bxe5 12. Nxe5 Qxe5 13. Re1 dxe4 14. Nxe4
O-O-O 15. Qb3 Nc6 16. Qxf7 Rhf8 17. Qb3 Na5 18. Qb4 b6 19. Qa3 Kb8 20. b4 Nb7
21. Nc5 Qf5 22. Nxd7+ Rxd7 23. Re2 Nd6 24. Rd1 1-0

[Event "Challenge"]
[Site "http://www.queenalice.com/game.php?id=1050973"]
[Date "2012.4.20"]
[Round "-"]
[White "viniciussantos"]
[Black "filomenos"]
[Result "0-1"]
[WhiteElo "1779"]
[BlackElo "1846"]

1. e4 d5 2. exd5 Qxd5 3. Nc3 Qe6+ 4. Be2 c6 5. Nf3 g6 6. O-O Bg7 7. Re1 Qd7 8.
Bc4 Nf6 9. d3 Qd8 10. h3 O-O 11. Ne4 Nxe4 12. dxe4 Nd7 13. c3 Nb6 14. Bb3 Qc7
15. Be3 Bd7 16. Qd3 Rad8 17. Bxb6 Qxb6 18. Qe2 Qc7 19. e5 e6 20. Rad1 c5 21. Ng5
b5 22. Bc2 c4 0-1

[Event "IV Open UFRJ"]
[Site "http://www.queenalice.com/game.php?id=1058588"]
[Date "2012.5.11"]
[Round "2"]
[White "danielfabio"]
[Black "viniciussantos"]
[Result "0-1"]
[WhiteElo "1984"]
[BlackElo "1766"]

1. e4 e5 2. Nc3 Nf6 3. Bc4 c6 4. Nf3 d5 5. exd5 cxd5 6. Bb5+ Bd7 7. Nxe5 Bxb5 8.
Nxb5 Qb6 9. Qe2 Be7 10. O-O a6 11. Nc3 Qe6 12. d4 O-O 13. Qf3 Rd8 14. Bg5 h6 15.
Bxf6 Bxf6 16. Rae1 Nc6 17. Nxc6 Qxc6 18. Rd1 Rd7 19. Rfe1 Rad8 20. Re3 Qb6 21.
Na4 Qb4 22. Nc5 Rd6 23. Nb3 Qa4 24. a3 Qc4 25. Rc3 Qb5 26. Rc5 Qd7 27. Qc3 b6
28. Rc7 Qg4 29. f3 Qf4 30. Re1 Qf5 31. h3 a5 32. a4 g6 33. Qd2 Bg5 34. Qf2 h5
35. g4 hxg4 36. Re5 Qf6 37. hxg4 Re6 38. Rxe6 Qxe6 39. Kg2 Re8 40. Rc3 f5 41. f4
Bf6 42. g5 Bg7 43. Kg3 Qd7 44. Qf3 Re4 45. Qf1 Qxa4 46. Qa6 Bxd4 47. Qa8+ Re8
48. Qxd5+ Kf8 49. Rc7 Bf2+ 50. Kxf2 Qxf4+ 51. Qf3 Qxc7 52. Nd4 Qe5 0-1

[Event "IV Open UFRJ"]
[Site "http://www.queenalice.com/game.php?id=1186050"]
[Date "2013.5.30"]
[Round "3"]
[White "viniciussantos"]
[Black "vigusmao"]
[Result "0-1"]
[WhiteElo "1791"]
[BlackElo "2034"]

1. e4 e5 2. Nf3 Nc6 3. Bc4 Nf6 4. O-O Nxe4 5. Re1 Nd6 6. Nxe5 Be7 7. Nxc6 bxc6
8. b3 Nxc4 9. bxc4 O-O 10. d3 Bf6 11. d4 c5 12. c3 cxd4 13. cxd4 c5 14. Bb2 Qb6
15. Qd2 Rb8 16. Bc3 Bxd4 17. Bxd4 cxd4 18. Rd1 Re8 19. h3 Qb2 20. Qxb2 Rxb2 21.
Rxd4 Re1+ 0-1

[Event "IV Open UFRJ"]
[Site "http://www.queenalice.com/game.php?id=1216151"]
[Date "2013.9.11"]
[Round "4"]
[White "fabianoo"]
[Black "viniciussantos"]
[Result "1-0"]
[WhiteElo "1902"]
[BlackElo "1785"]

1. e4 c5 2. Nf3 Nc6 3. c3 e5 4. d4 cxd4 5. cxd4 exd4 6. Nxd4 Nf6 7. Nc3 Bc5 8.
Be3 Qa5 9. Nb3 Qc7 10. Bxc5 b6 11. Nb5 Qe5 12. Nd6+ 1-0

[Event "V Open UFRJ"]
[Site "http://www.queenalice.com/game.php?id=1229267"]
[Date "2013.11.2"]
[Round "1"]
[White "igorframos"]
[Black "viniciussantos"]
[Result "0-1"]
[WhiteElo "1391"]
[BlackElo "1774"]

1. e4 c5 2. Nc3 Nc6 3. Nf3 d6 4. Bc4 Nf6 5. d3 g6 6. O-O Bg7 7. Ng5 O-O 8. Qf3
Ne5 9. Qf4 Nxc4 10. dxc4 e5 11. Qf3 b6 12. Nh3 Bg4 13. Qg3 Be6 14. Qh4 Nh5 15.
Ng5 Bxc4 16. Ne2 Bxe2 17. g4 Bxf1 18. gxh5 h6 19. hxg6 fxg6 20. Ne6 Qxh4 21.
Nxf8 Rxf8 22. Kxf1 Qxf2# 0-1

[Event "V Open UFRJ"]
[Site "http://www.queenalice.com/game.php?id=1244149"]
[Date "2013.12.31"]
[Round "2"]
[White "vigusmao"]
[Black "viniciussantos"]
[Result "1-0"]
[WhiteElo "2107"]
[BlackElo "1776"]

1. e4 e5 2. Nf3 Nc6 3. d4 exd4 4. Bc4 Be7 5. c3 dxc3 6. Qd5 Nh6 7. Bxh6 O-O 8.
Nxc3 gxh6 9. O-O d6 10. Qh5 Bg5 11. h4 Bf4 12. Nd5 Be6 13. Rac1 Be5 14. Qxh6 Ne7
15. Ng5 1-0